000
00200nam a2200085 4500
001
1258751
005
20260326110228.0
245
_a
İLK OKUMA KARINCALAR
_c
LUCY BOWMAN
260
_b
TÜBİTAK YAYINLARI
999
_c
1258751
_d
1258751